[Event "Albena op"]
[Site "Albena"]
[Date "2017.06.23"]
[Round "7"]
[White "Petrov, Plamen"]
[Black "Stefanov, Plamen"]
[Result "1/2-1/2"]
[WhiteElo "1868"]
[BlackElo "2089"]
[PlyCount "95"]
[EventDate "2017.06.17"]
[EventType "swiss"]
[EventRounds "9"]
[EventCountry "BUL"]
[SourceTitle "CBM 179 Extra"]
[Source "ChessBase"]
[SourceDate "2017.08.23"]
[SourceVersion "1"]
[SourceVersionDate "2017.08.23"]
[SourceQuality "1"]

1. e4 c5 2. Nf3 Nc6 3. d4 cxd4 4. Nxd4 e5 5. Nb5 a6 6. Nd6+ Bxd6 7. Qxd6 Qf6 8. Qd2 Qg6 9. f3 Nge7 10. Bc4 0-0 11. 0-0 b5 12. Bb3 Nd4 13. Qg5 Nxb3 14. Qxg6 hxg6 15. axb3 d5 16. exd5 Nxd5 17. c4 Ne7 18. Bd2 Bb7 19. Na3 Nc6 20. Bc3 bxc4 21. bxc4 Nd4 22. Bxd4 exd4 23. Rfd1 Rfd8 24. Rd3 Rab8 25. Rad1 Bc6 26. b3 a5 27. Nc2 a4 28. b4 Rdc8 29. Rxd4 a3 30. Nxa3 Rxb4 31. Rd8+ Rxd8 32. Rxd8+ Kh7 33. Rd3 Rb2 34. Rc3 g5 35. Nc2 f5 36. Nd4 Bd7 37. Rc2 Rxc2 38. Nxc2 Kg6 39. Kf2 Kf6 40. Ke3 Ke5 41. g3 f4+ 42. gxf4+ gxf4+ 43. Kd3 g5 44. Ne1 g4 45. fxg4 Bxg4 46. Ng2 f3 47. Ne3 Bh3 48. Nd1 1/2-1/2

[Event "Albena op"]
[Site "Albena"]
[Date "2017.06.17"]
[Round "1"]
[White "Petrov, Plamen"]
[Black "Arnaudov, Petar G"]
[Result "0-1"]
[WhiteElo "1868"]
[BlackElo "2443"]
[PlyCount "74"]
[EventDate "2017.06.17"]
[EventType "swiss"]
[EventRounds "9"]
[EventCountry "BUL"]
[SourceTitle "CBM 179 Extra"]
[Source "ChessBase"]
[SourceDate "2017.08.23"]
[SourceVersion "1"]
[SourceVersionDate "2017.08.23"]
[SourceQuality "1"]

1. e4 g6 2. d4 Bg7 3. Nc3 c6 4. Nf3 d5 5. h3 Nf6 6. Bd3 dxe4 7. Nxe4 Nxe4 8. Bxe4 Bf5 9. Bxf5 Qa5+ 10. c3 Qxf5 11. 0-0 Nd7 12. Re1 e6 13. Qe2 0-0 14. Qe4 Qxe4 15. Rxe4 Nf6 16. Re2 Nd5 17. Bd2 Rfd8 18. Rc1 Rac8 19. c4 Ne7 20. Bc3 Nf5 21. Rd1 b5 22. cxb5 cxb5 23. Red2 Rd5 24. Kf1 Bf6 25. Rd3 b4 26. Bd2 a5 27. Ke2 Rc2 28. Rb1 Bg7 29. Kd1 Rc6 30. a3 e5 31. g4 e4 32. Rb3 Nd6 33. axb4 exf3 34. bxa5 Rxd4 35. Ke1 Nc4 36. Bc3 Re4+ 37. Kf1 Bxc3 0-1

[Event "Albena op-B"]
[Site "Albena"]
[Date "2016.06.23"]
[Round "5"]
[White "Petrov, Plamen"]
[Black "Tashkov, Rumen"]
[Result "1/2-1/2"]
[WhiteElo "1853"]
[BlackElo "2198"]
[PlyCount "136"]
[EventDate "2016.06.19"]
[EventType "swiss"]
[EventRounds "7"]
[EventCountry "BUL"]
[SourceTitle "EXT 2017"]
[Source "ChessBase"]
[SourceDate "2016.10.25"]
[SourceVersion "1"]
[SourceVersionDate "2016.10.25"]
[SourceQuality "1"]

1. e4 g6 2. d4 Bg7 3. Nc3 d6 4. Be2 Nf6 5. h4 h5 6. Nf3 c6 7. a4 Qc7 8. Ng5 Nbd7 9. f3 b6 10. Be3 a6 11. Qd2 Bb7 12. 0-0 b5 13. b3 0-0 14. f4 e5 15. dxe5 dxe5 16. f5 Rfe8 17. fxg6 fxg6 18. Rad1 Bf8 19. Qe1 Kg7 20. Qf2 Bd6 21. Rd3 Rad8 22. Rfd1 Bb4 23. Na2 Bf8 24. Nc3 b4 25. Nb1 a5 26. R3d2 Bc8 27. Bc4 Nb8 28. Bb6 Rxd2 29. Rxd2 Qe7 30. Bxa5 Ng4 31. Qf7+ Qxf7 32. Bxf7 Bc5+ 33. Kf1 Rf8 34. Rd8 Rxd8 35. Bxd8 Ba6+ 36. Bc4 Bxc4+ 37. bxc4 Kg8 38. Bc7 Na6 39. Bd8 Ne3+ 40. Ke2 Nxc2 41. Nd2 Nd4+ 42. Kd3 Bd6 43. a5 Nc5+ 44. Ke3 b3 45. Bb6 Nc2+ 46. Ke2 Nd4+ 47. Kd1 b2 48. Ngf3 Nxe4 49. Bxd4 exd4 50. Kc2 Nxd2 51. Nxd2 Bb4 52. a6 Bc5 53. Kxb2 Kf7 54. Kc2 Ke6 55. Kd3 Bb6 56. Ke4 c5 57. Nf3 Kd6 58. Ne5 Kc7 59. Nxg6 Ba5 60. Nf4 Be1 61. Nxh5 Bxh4 62. Nf4 Kb6 63. Nd3 Be7 64. g4 Kxa6 65. Ne5 Kb6 66. Nf3 Kc6 67. g5 Kd6 68. Nxd4 cxd4 1/2-1/2

[Event "Albena op-B"]
[Site "Albena"]
[Date "2016.06.20"]
[Round "2"]
[White "Andronescu, Madalin"]
[Black "Petrov, Plamen"]
[Result "1-0"]
[WhiteElo "2184"]
[BlackElo "1853"]
[PlyCount "59"]
[EventDate "2016.06.19"]
[EventType "swiss"]
[EventRounds "7"]
[EventCountry "BUL"]
[SourceTitle "EXT 2017"]
[Source "ChessBase"]
[SourceDate "2016.10.25"]
[SourceVersion "1"]
[SourceVersionDate "2016.10.25"]
[SourceQuality "1"]

1. e4 c5 2. Nf3 d6 3. d4 cxd4 4. Nxd4 Nf6 5. Nc3 a6 6. Bg5 e6 7. f4 b5 8. e5 dxe5 9. fxe5 Qc7 10. exf6 Qe5+ 11. Be2 Qxg5 12. Bf3 Qe5+ 13. Kf2 Ra7 14. Re1 Qxf6 15. Nd5 Qd8 16. b4 Be7 17. Nxb5 axb5 18. Qd4 Rd7 19. Qxg7 Rf8 20. Nf4 Rd2+ 21. Kg3 Bh4+ 22. Kh3 Bxe1 23. Rxe1 Qd4 24. Qh6 Nd7 25. Nh5 Rxc2 26. Qg5 Rh8 27. Re4 Qc3 28. Ng7+ Kf8 29. Qd8+ Kxg7 30. Rg4+ 1-0

[Event "Albena Vivacom op"]
[Site "Albena"]
[Date "2015.09.15"]
[Round "2"]
[White "Mladenov, Emil"]
[Black "Petrov, Plamen"]
[Result "1-0"]
[WhiteElo "2089"]
[BlackElo "1927"]
[PlyCount "81"]
[EventDate "2015.09.14"]
[EventType "swiss"]
[EventRounds "9"]
[EventCountry "BUL"]
[SourceTitle "EXT 2016"]
[Source "ChessBase"]
[SourceDate "2015.10.08"]
[SourceVersion "1"]
[SourceVersionDate "2015.10.08"]
[SourceQuality "1"]

1. g3 d5 2. Bg2 c6 3. d3 Nf6 4. Nd2 e5 5. e4 Bd6 6. Ngf3 0-0 7. h3 Qe7 8. 0-0 Be6 9. Re1 dxe4 10. dxe4 Nbd7 11. Nh4 Rfe8 12. Nf1 Rad8 13. Bg5 h6 14. Bc1 Nb6 15. Qf3 Nh7 16. Nf5 Bxf5 17. Qxf5 Qd7 18. Qh5 Nf6 19. Qf3 Be7 20. b3 Nh7 21. h4 Bb4 22. Re2 Qd4 23. Rb1 Qd1 24. Kh2 Re6 25. Ne3 Rf6 26. Nxd1 Rxf3 27. Bxf3 Rxd1 28. Re3 Rd8 29. Bb2 f6 30. Rd1 Rxd1 31. Bxd1 Nf8 32. Rd3 Kf7 33. h5 Ke7 34. Bg4 Bc5 35. f4 Nbd7 36. Kg2 Bd6 37. Kf3 Nc5 38. Rd1 Nfe6 39. Bxe6 Nxe6 40. fxe5 fxe5 41. Kg4 1-0

[Event "Albena Masters op"]
[Site "Albena"]
[Date "2014.06.06"]
[Round "6"]
[White "Cooklev, Steven"]
[Black "Petrov, Plamen"]
[Result "1/2-1/2"]
[WhiteElo "2171"]
[BlackElo "1927"]
[PlyCount "119"]
[EventDate "2014.06.01"]
[EventType "swiss"]
[EventRounds "9"]
[EventCountry "BUL"]
[SourceTitle "CBM 160 Extra"]
[Source "ChessBase"]
[SourceDate "2014.07.01"]
[SourceVersion "1"]
[SourceVersionDate "2014.07.01"]
[SourceQuality "1"]

1. e4 c5 2. Nf3 d6 3. d4 cxd4 4. Nxd4 Nf6 5. Nc3 a6 6. Be2 e6 7. 0-0 Be7 8. f4 0-0 9. a4 Qc7 10. Kh1 b6 11. e5 dxe5 12. fxe5 Rd8 13. exf6 Bxf6 14. Rxf6 gxf6 15. Bd3 e5 16. Ne4 Rxd4 17. Nxf6+ Kf8 18. Qh5 Ke7 19. Bg5 Qb7 20. Nxh7+ Kd6 21. Bf6 Qd5 22. Ng5 Bb7 23. Nxf7+ Ke6 24. Nd8+ Kxf6 25. Rf1+ Rf4 26. Qh4+ Kg7 27. Qh7+ Kf8 28. Rxf4+ exf4 29. Nxb7 Ra7 30. Qh8+ Ke7 31. Qg7+ Qf7 32. Qxf7+ Kxf7 33. Nd6+ Kf6 34. Kg1 Rd7 35. Ne4+ Ke5 36. Kf2 Nc6 37. Nd2 Nb4 38. Nc4+ Kd4 39. c3+ Kc5 40. cxb4+ Kxb4 41. Be2 Rb7 42. Ne5 Kxa4 43. Bxa6 Re7 44. Nd3 Rc7 45. Nxf4 b5 46. Kf3 Ka5 47. Bxb5 Kxb5 48. h4 Kc6 49. Kg4 Kd6 50. Kf5 Rb7 51. h5 Ke7 52. g4 Kf7 53. Kg5 Kg7 54. h6+ Kh7 55. Kh4 Kxh6 56. g5+ Kh7 57. Kg4 Rxb2 58. Kf5 Rb5+ 59. Kf6 Rxg5 60. Kxg5 1/2-1/2

[Event "Albena Masters op"]
[Site "Albena"]
[Date "2014.06.04"]
[Round "4"]
[White "Cheparinov, Nedelcho"]
[Black "Petrov, Plamen"]
[Result "0-1"]
[WhiteElo "2152"]
[BlackElo "1927"]
[PlyCount "80"]
[EventDate "2014.06.01"]
[EventType "swiss"]
[EventRounds "9"]
[EventCountry "BUL"]
[SourceTitle "CBM 160 Extra"]
[Source "ChessBase"]
[SourceDate "2014.07.01"]
[SourceVersion "1"]
[SourceVersionDate "2014.07.01"]
[SourceQuality "1"]

1. d4 d5 2. c4 dxc4 3. Nf3 Nf6 4. e3 e6 5. Bxc4 c5 6. 0-0 a6 7. Bb3 b5 8. a4 Bb7 9. Nbd2 Nc6 10. Qe2 Qb6 11. e4 Nxd4 12. Nxd4 cxd4 13. e5 Qc6 14. f3 Bc5 15. Kh1 Nd7 16. Bc2 0-0 17. axb5 axb5 18. Rxa8 Rxa8 19. Bd3 b4 20. f4 g6 21. Ne4 Ra1 22. h3 Be7 23. Bd2 Rxf1+ 24. Qxf1 Nc5 25. Nxc5 Bxc5 26. Be1 Be7 27. Bf2 Qd5 28. Bg1 Bh4 29. Kh2 Be7 30. Qe2 Kg7 31. Qd2 f6 32. Kh1 fxe5 33. fxe5 h6 34. Bf1 Bc5 35. Bh2 Qe4 36. Qc1 Qf5 37. Ba6 Bxa6 38. Qxc5 Bb7 39. Qxd4 Qf1+ 40. Qg1 Bxg2# 0-1

[Event "Albena Masters op"]
[Site "Albena"]
[Date "2012.05.27"]
[Round "2"]
[White "Tscharotschkin, Michael"]
[Black "Petrov, Plamen"]
[Result "1/2-1/2"]
[WhiteElo "2192"]
[BlackElo "1907"]
[PlyCount "112"]
[EventDate "2012.05.26"]
[EventType "swiss"]
[EventRounds "9"]
[EventCountry "BUL"]
[SourceTitle "CBM 148 Extra"]
[Source "ChessBase"]
[SourceDate "2012.06.22"]
[SourceVersion "1"]
[SourceVersionDate "2012.06.22"]
[SourceQuality "1"]

1. d4 d5 2. Bf4 Nf6 3. e3 e6 4. Nd2 Be7 5. Bd3 0-0 6. Ngf3 c5 7. c3 Nc6 8. Ne5 Qb6 9. Qc2 h6 10. g4 cxd4 11. exd4 Nxe5 12. Bxe5 Nxg4 13. Bxg7 Kxg7 14. Rg1 Kh8 15. Rxg4 e5 16. Bf5 h5 17. Rg3 exd4 18. cxd4 Bxf5 19. Qxf5 Qe6+ 20. Qxe6 fxe6 21. Rc1 Bh4 22. Rf3 Bg5 23. Rcc3 Kg7 24. Ke2 Bxd2 25. Kxd2 Rxf3 26. Rxf3 Rc8 27. Re3 Rf8 28. Ke2 Rf4 29. Rxe6 Rxd4 30. Re7+ Kf6 31. Rxb7 Rh4 32. Rxa7 Rxh2 33. Rd7 Ke5 34. b4 Rh4 35. Rh7 Re4+ 36. Kd3 h4 37. Rh5+ Kd6 38. a3 Rf4 39. Ke3 Rc4 40. f3 Rc3+ 41. Kd4 Rc4+ 42. Kd3 Rf4 43. Ke2 Kc6 44. Ke3 Rc4 45. Rh6+ Kb5 46. Rd6 Rc3+ 47. Kd4 Rxa3 48. Rxd5+ Kxb4 49. Ke4 Kc4 50. Rh5 Kc3 51. f4 Ra4+ 52. Kf3 Kd4 53. Kg4 Ke3 54. Re5+ Kf2 55. Rb5 h3 56. Rb2+ Kg1 1/2-1/2

[Event "BUL-ch sf 76th"]
[Site "Plovdiv"]
[Date "2012.02.07"]
[Round "2"]
[White "Ibryamov, Ilhan"]
[Black "Petrov, Plamen"]
[Result "1-0"]
[WhiteElo "2115"]
[BlackElo "1890"]
[PlyCount "91"]
[EventDate "2012.02.06"]
[EventType "swiss"]
[EventRounds "9"]
[EventCountry "BUL"]
[SourceTitle "CBM 146 Extra"]
[Source "ChessBase"]
[SourceDate "2012.02.29"]
[SourceVersion "1"]
[SourceVersionDate "2012.02.29"]
[SourceQuality "1"]

1. d4 d5 2. c4 dxc4 3. e3 Nf6 4. Bxc4 e6 5. Nf3 c5 6. 0-0 a6 7. a4 Nc6 8. Nc3 Be7 9. b3 0-0 10. Bb2 cxd4 11. exd4 Nb4 12. Re1 Nbd5 13. Ne5 Nxc3 14. Bxc3 Nd5 15. Bb2 Bb4 16. Re4 Nc3 17. Bxc3 Bxc3 18. Rc1 f5 19. Re2 Qxd4 20. Qc2 Ba5 21. Rd1 Qc3 22. Qxc3 Bxc3 23. Nd7 Bxd7 24. Rxd7 b5 25. Bxe6+ Kh8 26. Rc2 b4 27. Re2 f4 28. Bc4 Rad8 29. Rxd8 Rxd8 30. h3 a5 31. Kh2 h6 32. h4 g5 33. Re6 Kg7 34. h5 Rd4 35. Rg6+ Kf8 36. Rxh6 Rxc4 37. bxc4 b3 38. Rd6 b2 39. Rd1 Bd2 40. Rb1 Bc1 41. Kh3 f3 42. gxf3 g4+ 43. Kxg4 Ke7 44. Kf5 Kd6 45. f4 Kc5 46. h6 1-0

[Event "BUL-ch sf 76th"]
[Site "Plovdiv"]
[Date "2012.02.06"]
[Round "1"]
[White "Petrov, Plamen"]
[Black "Nikolova, Adriana"]
[Result "0-1"]
[WhiteElo "1890"]
[BlackElo "2296"]
[PlyCount "52"]
[EventDate "2012.02.06"]
[EventType "swiss"]
[EventRounds "9"]
[EventCountry "BUL"]
[SourceTitle "CBM 146 Extra"]
[Source "ChessBase"]
[SourceDate "2012.02.29"]
[SourceVersion "1"]
[SourceVersionDate "2012.02.29"]
[SourceQuality "1"]

1. e4 c5 2. c3 Nf6 3. e5 Nd5 4. Bc4 e6 5. Nf3 b6 6. 0-0 Bb7 7. d4 cxd4 8. cxd4 Qc7 9. Be2 d6 10. Na3 a6 11. Nc4 b5 12. Nxd6+ Bxd6 13. exd6 Qxd6 14. a4 b4 15. Bg5 Nd7 16. Rc1 0-0 17. Qd2 f6 18. Bh4 f5 19. Ne1 f4 20. Kh1 a5 21. Rg1 N5b6 22. b3 e5 23. Rd1 Qh6 24. Be7 Rfe8 25. Bc5 Re6 26. Bxb6 Qxh2+ 0-1

[Event "Kesarovski Georgiev Memorial 9th"]
[Site "Sunny Beach"]
[Date "2010.09.02"]
[Round "6"]
[White "Petrov, Plamen"]
[Black "Paldus, Petr"]
[Result "1-0"]
[WhiteElo "1868"]
[BlackElo "2066"]
[PlyCount "103"]
[EventDate "2010.08.28"]
[EventType "swiss"]
[EventRounds "9"]
[EventCountry "BUL"]
[SourceTitle "CBM 138 Extra"]
[Source "ChessBase"]
[SourceDate "2010.10.29"]
[SourceVersion "1"]
[SourceVersionDate "2010.10.29"]
[SourceQuality "1"]

1. e4 e5 2. Nc3 Bc5 3. Bc4 Nc6 4. Qg4 g6 5. Qg3 d6 6. d3 Nd4 7. Bb3 Be6 8. Bg5 f6 9. Bxe6 Nxe6 10. Be3 Bxe3 11. fxe3 c6 12. 0-0-0 b5 13. d4 exd4 14. exd4 b4 15. Nce2 Ne7 16. d5 cxd5 17. exd5 Nc5 18. Qf4 0-0 19. Qxb4 Rb8 20. Qa3 Qb6 21. Nh3 Rfc8 22. Nc3 Nf5 23. Rhe1 Rb7 24. Re2 Rcb8 25. b3 Rc7 26. Ne4 Nxe4 27. Rxe4 Ne3 28. Rd2 Nc4 29. Qa4 Nxd2 30. Kxd2 Qb5 31. Qxb5 Rxb5 32. c4 Rb6 33. Nf4 Kf7 34. Ne6 Rc8 35. Kc3 a5 36. Re2 h5 37. h4 Rg8 38. a3 g5 39. hxg5 fxg5 40. b4 g4 41. c5 dxc5 42. bxc5 Rb1 43. Kd4 h4 44. c6 h3 45. gxh3 gxh3 46. Nf4 Rg4 47. Ke5 Rg5+ 48. Kd6 Rb3 49. c7 Rg8 50. Kd7 Rc3 51. Nxh3 Rxh3 52. Rf2+ 1-0

[Event "Kesarovski Georgiev Memorial 9th"]
[Site "Sunny Beach"]
[Date "2010.08.28"]
[Round "1"]
[White "Popovic, Aleksandar M"]
[Black "Petrov, Plamen"]
[Result "1/2-1/2"]
[WhiteElo "2244"]
[BlackElo "1868"]
[PlyCount "84"]
[EventDate "2010.08.28"]
[EventType "swiss"]
[EventRounds "9"]
[EventCountry "BUL"]
[SourceTitle "CBM 138 Extra"]
[Source "ChessBase"]
[SourceDate "2010.10.29"]
[SourceVersion "1"]
[SourceVersionDate "2010.10.29"]
[SourceQuality "1"]

1. e4 e6 2. Nc3 d5 3. Nf3 dxe4 4. Nxe4 Nd7 5. g3 Ngf6 6. Nxf6+ Nxf6 7. Bg2 Be7 8. 0-0 0-0 9. b3 Bd7 10. Ne5 Rb8 11. d4 Qc8 12. c4 Rd8 13. Qe2 Be8 14. Rd1 Nd7 15. Ng4 Nf6 16. Bg5 Nd5 17. Bxe7 Nxe7 18. d5 Bd7 19. Ne5 exd5 20. cxd5 Re8 21. Qh5 Ng6 22. Nxg6 hxg6 23. Qh4 c5 24. dxc6 Bxc6 25. Rac1 Qe6 26. Bxc6 bxc6 27. Qa4 Qe2 28. Rd7 Rb5 29. Qxa7 Qf3 30. Re7 Rd8 31. Qe3 Qd5 32. Re8+ Kh7 33. Rxd8 Qxd8 34. Rxc6 Ra5 35. Qe2 Rxa2 36. Qxa2 Qd1+ 37. Kg2 Qd5+ 38. f3 Qxc6 39. Qe2 Qc3 40. Qc4 Qd2+ 41. Kh3 Qe3 42. Qxf7 Qh6+ 1/2-1/2

[Event "Plovdiv Tringov Memorial"]
[Site "Plovdiv"]
[Date "2009.02.03"]
[Round "4"]
[White "Petrov, Plamen"]
[Black "Badev, Kiril"]
[Result "0-1"]
[WhiteElo "1875"]
[BlackElo "2297"]
[PlyCount "28"]
[EventDate "2009.02.01"]
[EventType "swiss"]
[EventRounds "9"]
[EventCountry "BUL"]
[SourceTitle "CBM 128 Extra"]
[Source "ChessBase"]
[SourceDate "2009.03.05"]
[SourceVersion "2"]
[SourceVersionDate "2009.03.25"]
[SourceQuality "1"]

1. e4 c5 2. Nf3 e6 3. d4 cxd4 4. Nxd4 Nc6 5. Nc3 Nf6 6. Be3 Bb4 7. f3 d5 8. Bb5 Bd7 9. 0-0 e5 10. exd5 Nxd4 11. Bxd4 exd4 12. Re1+ Kf8 13. Qxd4 Bxc3 14. Qc5+ Kg8 0-1

[Event "Sunny Beach op"]
[Site "Sunny Beach"]
[Date "2008.11.28"]
[Round "1"]
[White "Petrov, Plamen"]
[Black "Todorov, Ognjan"]
[Result "0-1"]
[WhiteElo "1875"]
[BlackElo "2318"]
[PlyCount "71"]
[EventDate "2008.11.28"]
[EventType "swiss"]
[EventRounds "7"]
[EventCountry "BUL"]
[SourceTitle "EXT 2010"]
[Source "ChessBase"]
[SourceDate "2010.11.25"]
[SourceVersion "1"]
[SourceVersionDate "2010.11.25"]
[SourceQuality "1"]

1. e4 c5 2. Nf3 e6 3. d4 cxd4 4. Nxd4 a6 5. Bd2 Bc5 6. Nb3 Be7 7. c4 Qc7 8. Nc3 Nf6 9. Be2 d6 10. 0-0 b6 11. Rc1 Bb7 12. f3 Nbd7 13. Be3 0-0 14. Rf2 Rac8 15. Bf1 Qb8 16. Rd2 Rfe8 17. Bf2 Ba8 18. Na1 Ne5 19. b3 Red8 20. Nc2 b5 21. Ne3 b4 22. Ne2 Bc6 23. Nd4 Be8 24. g3 Ned7 25. Bg2 Nc5 26. Qc2 Qb7 27. Re1 g6 28. Qb2 a5 29. Rde2 Nd3 30. Qb1 Nxe1 31. Bxe1 d5 32. exd5 Bc5 33. Nb5 Bxb5 34. cxb5 Nxd5 35. Bd2 Bxe3+ 36. Bxe3 0-1

[Event "CFriend CP.2005.P.00053"]
[Site "Chessfriend.com"]
[Date "2005.10.01"]
[Round "?"]
[White "Krol, Wladyslaw"]
[Black "Petrov, Plamen"]
[Result "1/2-1/2"]
[WhiteElo "2228"]
[BlackElo "1865"]
[PlyCount "45"]
[EventDate "2005.10.01"]
[EventType "tourn (corr)"]
[EventRounds "1"]
[SourceTitle "Corr 2008"]
[Source "ChessBase"]
[SourceDate "2008.06.24"]
[SourceVersion "1"]
[SourceVersionDate "2008.06.24"]
[SourceQuality "1"]

1. e4 c5 2. f4 e6 3. Nf3 d5 4. d3 dxe4 5. Ng5 exd3 6. Bxd3 Nf6 7. Qe2 Be7 8. c3 Bd7 9. 0-0 h6 10. Nf3 Qb6 11. Kh1 Nc6 12. Na3 0-0 13. Nc4 Qc7 14. Nce5 Rad8 15. Bd2 Bc8 16. Rad1 Bd6 17. Nxc6 Qxc6 18. Ne5 Qc7 19. c4 b6 20. Bc3 Rfe8 21. Rf3 Bb7 22. Rh3 Bf8 23. Re1 1/2-1/2